000 007400000a22002290004500
041 0 _aInglés
090 _aMM
_b00054
245 1 0 _aPrograma bindes artificiales
300 _a35 min.
_bVHS
650 1 4 _aTecnologías limpias
_919208
650 1 4 _aFogones de leña
_9100891
650 1 4 _aUsos tradicionales
_995137
650 1 4 _aConservación de fauna
_94359
651 4 _lSerranía de San Jacinto
_dBolivar, Sucre
_pColombia
_992749
651 4 _lReserva Forestal Montes de María
_mColosó
_dSucre
_pColombia
_992749
653 _fCallitrichinae
_gSaguinus
_eSaguinus oedipus
_vtiti cabeza blanca
041 0 _aEspañol
044 _aColombia
110 1 _aProyecto Titi
_9100892
260 _as.l.
_bProyecto Titi
_c1995
942 _cCD-ROM
999 _c16473
_d16473